مكتبة جامعة عجلون الوطنية

فهرس بحث المكتبة

Normal view MARC view
  • تاليف العقاد، الخواص الشيخ

Entry Personal Name

Number of records used in: 1

001 - CONTROL NUMBER

  • control field: 9313

003 - CONTROL NUMBER IDENTIFIER

  • control field: JO-AjAnu

005 - DATE AND TIME OF LATEST TRANSACTION

  • control field: 20230606071811.0

008 - FIXED-LENGTH DATA ELEMENTS

  • fixed length control field: 230606|| aca||aabn | a|a d

040 ## - CATALOGING SOURCE

  • Original cataloging agency: JO-AjAnu
  • Transcribing agency: JO-AjAnu

100 ## - HEADING--PERSONAL NAME

  • Personal name: تاليف العقاد، الخواص الشيخ

670 ## - SOURCE DATA FOUND

  • Source citation: Work cat.: (JO-AjAnu)4803: تاليف العقاد، الخواص الشيخ, author, الإجنهاد والتجديد في الشريعة الأسلامية بين تأكيد الحقائق وتفنيد المزاعم